Facultad de Odontología.  Biblioteca.  Nodo central                      



header.jpg

Descripción de las creencias y prácticas de la población adulta, en el control de hemorragias post-extracción, de los Municipios de Cabricán, San Carlos Sija, Llanos del Pinal y San Juan Ostuncalco del Departamento de Quetzaltenango. (Registro nro. 4497)

Detalles MARC
000 -LEADER
campo de control de longitud fija 01129nam a2200253Ia 4500
008 - DATOS DE LONGITUD FIJA--INFORMACIÓN GENERAL
campo de control de longitud fija 250304t2005||||xx |||||||||||||| ||spa||
040 ## - FUENTE DE CATALOGACIÓN
Centro catalogador/agencia de origen gtgcusco
Lengua de catalogación spa
Centro/agencia transcriptor gtgcusco
Centro/agencia modificador gtgcusco
041 ## - CÓDIGO DE IDIOMA
Código de lengua del texto/banda sonora o título independiente spa
084 ## - OTRO NÚMERO DE CLASIFICACIÓN
Número de clasificación T2203
100 ## - ENTRADA PRINCIPAL--NOMBRE DE PERSONA
Nombre de persona González González, Juan Eliézer
9 (RLIN) 11362
245 #0 - MENCIÓN DEL TÍTULO
Título Descripción de las creencias y prácticas de la población adulta, en el control de hemorragias post-extracción, de los Municipios de Cabricán, San Carlos Sija, Llanos del Pinal y San Juan Ostuncalco del Departamento de Quetzaltenango.
260 ## - PUBLICACIÓN, DISTRIBUCIÓN, ETC.
Lugar de publicación, distribución, etc. Guatemala :
Nombre del editor, distribuidor, etc. USAC,
Fecha de publicación, distribución, etc. 2005
300 ## - DESCRIPCIÓN FÍSICA
Extensión 55 páginas :
Otras características físicas il ;
Dimensiones 28 cm.
336 ## - TIPO DE CONTENIDO
Término de tipo de contenido texto
337 ## - TIPO DE MEDIO
Nombre/término del tipo de medio Sin mediación
338 ## - TIPO DE SOPORTE
Nombre/término del tipo de soporte volumen
502 ## - NOTA DE TESIS
Nota de tesis Tesis (Cirujano Dentista) -- Universidad de San Carlos de Guatemala, Facultad de Odontología
650 ## - PUNTO DE ACCESO ADICIONAL DE MATERIA--TÉRMINO DE MATERIA
Término de materia o nombre geográfico como elemento de entrada Materia médica
9 (RLIN) 7146
650 ## - PUNTO DE ACCESO ADICIONAL DE MATERIA--TÉRMINO DE MATERIA
Término de materia o nombre geográfico como elemento de entrada Servicios de salud autóctonos
9 (RLIN) 11363
700 ## - ENTRADA AGREGADA--NOMBRE PERSONAL
Nombre de persona González Moncada, Erwin Ramiro
Término indicativo de función/relación asesor
9 (RLIN) 9431
700 ## - ENTRADA AGREGADA--NOMBRE PERSONAL
Nombre de persona Lima Sagastume, Víctor Hugo
Término indicativo de función/relación asesor
9 (RLIN) 9438
856 ## - LOCALIZACIÓN Y ACCESO ELECTRÓNICOS
Identificador Uniforme de Recursos <a href="http://www.repositorio.usac.edu.gt/id/eprint/15892">http://www.repositorio.usac.edu.gt/id/eprint/15892</a>
942 ## - ELEMENTOS DE ENTRADA SECUNDARIOS (KOHA)
Código de la institución [OBSOLETO] Biblioteca Facultad de Odontología
Tipo de ítem Koha
Prefijo de la signatura T2203
Existencias
Estatus retirado Estado de pérdida Estado de daño No para préstamo Biblioteca de origen Biblioteca actual Ubicación en estantería Fecha de adquisición Número de inventario Total de préstamos Signatura topográfica completa Código de barras Visto por última vez Precio de reemplazo Tipo de ítem Koha
        Biblioteca de la Facultad de Odontología Biblioteca de la Facultad de Odontología   04/03/2025 10-H-s.n.   T2203 C00000096 04/03/2025 04/03/2025  
        Biblioteca de la Facultad de Odontología Biblioteca de la Facultad de Odontología Documento de Graduación 04/03/2025 10-H-s.n.   T2203 T00004796 04/03/2025 04/03/2025